| 000 | 00000nam 2200000zi 4500 |
| 001 | 9.934225 |
| 003 | CaOODSP |
| 005 | 20250124135933 |
| 006 | m o d f |
| 007 | cr |n||||||||| |
| 008 | 240216s1979 onc o f000 0|eng d |
| 040 | |aCaOODSP|beng|erda|cCaOODSP |
| 043 | |an-cn---|af-ua--- |
| 086 | 1 |aId37-24/1979E-PDF |
| 100 | 1 |aRifaat, M., |eauthor. |
| 245 | 10|aConstruction and consulting services mission to Egypt, October 20-27, 1979 : |bmission report / |cM. Rifaat, U. Saville. |
| 264 | 1|a[Ottawa] : |bGovernment of Canada, Industry, Trade and Commerce = Gouvernement du Canada, Industrie et commerce, |c[1979] |
| 300 | |a1 online resource (1 volume (various pagings)) |
| 336 | |atext|btxt|2rdacontent |
| 337 | |acomputer|bc|2rdamedia |
| 338 | |aonline resource|bcr|2rdacarrier |
| 500 | |aDigitized edition from print [produced by Innovation, Science and Economic Development Canada]. |
| 650 | 0|aTrade missions. |
| 650 | 0|aConstruction industry|zEgypt. |
| 650 | 0|aInvestments, Canadian|zEgypt. |
| 650 | 6|aMissions commerciales. |
| 650 | 6|aConstruction|xIndustrie|zÉgypte. |
| 650 | 6|aInvestissements canadiens|zÉgypte. |
| 710 | 1 |aCanada. |bDepartment of Industry, Trade and Commerce, |eissuing body. |
| 856 | 40|qPDF|s2.49 MB|uhttps://publications.gc.ca/collections/collection_2025/isde-ised/Id37-24-1979-eng.pdf |